[Event "Wch U18 Girls blitz"]
[Site "Terme Catez"]
[Date "2024.12.16"]
[Round "15"]
[White "Blokhin, Sofia"]
[Black "Kairbekova, Amina"]
[Result "0-1"]
[WhiteElo "2020"]
[BlackElo "2144"]
[PlyCount "50"]
[EventDate "2024.12.16"]
[EventType "swiss (blitz)"]
[EventRounds "22"]
[EventCountry "SLO"]
[SourceTitle "CB51_2024"]
[SourceDate "2024.12.18"]
[SourceVersion "1"]
[SourceVersionDate "2024.12.18"]
[SourceQuality "1"]

1. d4 Nf6 2. c4 g6 3. Nc3 Bg7 4. e4 d6 5. f3 0-0 6. Be3 c5 7. d5 e6 8. Qd2 exd5 9. cxd5 a6 10. 0-0-0 b5 11. g4 b4 12. Nb1 Qa5 13. Bc4 Nbd7 14. h4 Ne5 15. Qc2 Nxc4 16. Qxc4 Bd7 17. a3 Rab8 18. Bd2 Qb6 19. b3 bxa3 20. Nxa3 Qxb3 21. Qxb3 Rxb3 22. Nc4 Rfb8 23. Nxd6 Rb1+ 24. Kc2 Ba4+ 25. Kd3 Rxd1 0-1

[Event "Wch U18 Girls blitz"]
[Site "Terme Catez"]
[Date "2024.12.16"]
[Round "13"]
[White "Dorokhina, Elizaveta"]
[Black "Kairbekova, Amina"]
[Result "1-0"]
[WhiteElo "2005"]
[BlackElo "2144"]
[PlyCount "85"]
[EventDate "2024.12.16"]
[EventType "swiss (blitz)"]
[EventRounds "22"]
[EventCountry "SLO"]
[SourceTitle "CB51_2024"]
[SourceDate "2024.12.18"]
[SourceVersion "1"]
[SourceVersionDate "2024.12.18"]
[SourceQuality "1"]

1. d4 Nf6 2. Nf3 g6 3. Bf4 Bg7 4. e3 d6 5. h3 0-0 6. Be2 Nc6 7. 0-0 e5 8. Bh2 Qe7 9. c4 e4 10. Nfd2 Ne8 11. Nc3 f5 12. a3 Nf6 13. b4 Kh8 14. c5 d5 15. Qb3 Be6 16. a4 g5 17. b5 Nd8 18. a5 g4 19. b6 axb6 20. axb6 Rxa1 21. Rxa1 c6 22. Bd6 Qf7 23. Bxf8 Bxf8 24. hxg4 Nxg4 25. Bxg4 fxg4 26. Ne2 h5 27. Nf4 Kh7 28. Ra8 Be7 29. Rb8 h4 30. g3 Bg5 31. Nf1 Bd7 32. Qa4 hxg3 33. fxg3 Bf5 34. Qa7 Kh6 35. Qa2 Kg7 36. Qh2 Qd7 37. Ra8 Qf7 38. Ra2 Ne6 39. Qh5 Qe7 40. Rh2 Nxf4 41. gxf4 Bf6 42. Qxf5 Qf7 43. Rh7+ 1-0

[Event "Wch U18 Girls blitz"]
[Site "Terme Catez"]
[Date "2024.12.16"]
[Round "16"]
[White "Kairbekova, Amina"]
[Black "Blokhin, Sofia"]
[Result "1-0"]
[WhiteElo "2144"]
[BlackElo "2020"]
[PlyCount "73"]
[EventDate "2024.12.16"]
[EventType "swiss (blitz)"]
[EventRounds "22"]
[EventCountry "SLO"]
[SourceTitle "CB51_2024"]
[SourceDate "2024.12.18"]
[SourceVersion "1"]
[SourceVersionDate "2024.12.18"]
[SourceQuality "1"]

1. e4 c5 2. Nc3 d6 3. d4 cxd4 4. Qxd4 Nc6 5. Qd2 Nf6 6. b3 g6 7. Bb2 Bg7 8. 0-0-0 0-0 9. f3 Qa5 10. Kb1 Nb4 11. a3 Nc6 12. g4 a6 13. h4 h5 14. g5 Nd7 15. Nd5 Qxd2 16. Rxd2 Rb8 17. Bxg7 Kxg7 18. Ne2 Nde5 19. f4 Ng4 20. Ng3 f5 21. gxf6+ Nxf6 22. f5 Nxd5 23. Rxd5 Ne5 24. Be2 Ng4 25. fxg6 Kxg6 26. Rg5+ Kh6 27. Rxh5+ Kg6 28. Rg5+ Kh6 29. Bxg4 Rf4 30. Nf5+ Kh7 31. Rg1 b5 32. Rg7+ Kh8 33. Rxe7 Bxf5 34. Bxf5 Rxh4 35. Rg6 Rf8 36. Rxd6 Rh1+ 37. Kb2 1-0

[Event "Wch U18 Girls blitz"]
[Site "Terme Catez"]
[Date "2024.12.16"]
[Round "8"]
[White "Kairbekova, Amina"]
[Black "Mihelic, Vesna"]
[Result "1-0"]
[WhiteElo "2144"]
[BlackElo "1934"]
[PlyCount "105"]
[EventDate "2024.12.16"]
[EventType "swiss (blitz)"]
[EventRounds "22"]
[EventCountry "SLO"]
[SourceTitle "CB51_2024"]
[SourceDate "2024.12.18"]
[SourceVersion "1"]
[SourceVersionDate "2024.12.18"]
[SourceQuality "1"]

1. e4 e5 2. Nf3 Nc6 3. Bb5 a6 4. Ba4 d6 5. 0-0 Bd7 6. Bb3 h6 7. d4 Nf6 8. Re1 Bg4 9. c3 Be7 10. Be3 Nxe4 11. h3 Bh5 12. d5 Nb8 13. Bc2 Bxf3 14. Qxf3 Ng5 15. Qg3 Bf6 16. f4 Nh7 17. fxe5 Bxe5 18. Bf4 0-0 19. Bxe5 dxe5 20. Qxe5 Nd7 21. Qf5 Nhf6 22. Nd2 Nb6 23. c4 Qd7 24. Qd3 Rae8 25. Rf1 Qe7 26. Rxf6 Qe3+ 27. Qxe3 Rxe3 28. Rf2 Rfe8 29. b3 Re2 30. Raf1 Nd7 31. Bd3 Rxf2 32. Rxf2 Nc5 33. Re2 Rd8 34. Bf5 c6 35. dxc6 bxc6 36. Nf3 g6 37. Bc2 Ne6 38. Kh2 Nf4 39. Rd2 Re8 40. c5 Kg7 41. b4 Nd5 42. a3 Re3 43. Rd3 Re2 44. Bb3 Nf4 45. Rd2 Re3 46. Nd4 Re1 47. Bc4 Rc1 48. Bxa6 Nd5 49. Nxc6 Ne3 50. Ne5 Rc3 51. a4 Kf6 52. Ng4+ Nxg4+ 53. hxg4 1-0